Normal view MARC view
  • China

Entry Nombre Geográfico

Number of records used in: 8

001 - NÚMERO DE CONTROL

  • campo de control: 11848

003 - IDENTIFICADOR DE NUMERO DE CONTROL

  • campo de control: UPN

005 - FECHA Y HORA DE LA ÜLTIMA TRANSACCIÓN

  • campo de control: 20220922155058.0

008 - DATOS DE LONGITUD FIJA

  • campo de control de longitud fija: 220922nn fnznnbaba a aaa |d

035 ## - NÚMERO DE CONTROL

  • Número de control: UPN10000011855

040 ## - FUENTE DE CATALOGACIÓN

  • Lenguaje de catalogación: spa
  • Agencia de transcripción: MX-MxUPN
  • Agencia de catalogación original: MX-MxUPN

151 ## - ENCABEZAMIENTO - NOMBRE GEOGRÁFICO

  • Nombre geográfico: China
  • Subdivisión general : Descripción y viajes

670 ## - FUENTE EN LA QUE SE LOCALIZARON DATOS

  • Cita de la fuente: E

902 ## - CATALOGADOR

  • Catalogador: MEEG/220995